000 00288nam a22001217a 4500
082 _a005.44 MIL'U
100 _aMILLER, MICHAEL
_968923
245 _aUSING WINDOWS 98 CLEAR CONCISE DEPENDABLE
260 _aUSA
_bQUE
_c1998
300 _a371P
650 _aWINDOWS 98
_975437
942 _cBK
999 _c580849
_d580849